Emely Dickinson en Europa / (Record no. 22230)
[ view plain ]
| 000 -CABECERA | |
|---|---|
| campo de control de longitud fija | 00840nam a2200253 a 4500 |
| 001 - NÚMERO DE CONTROL | |
| campo de control | 000022733 |
| 005 - FECHA Y HORA DE LA ÚLTIMA TRANSACCIÓN | |
| campo de control | 20200930021750.0 |
| 008 - DATOS DE LONGITUD FIJA--INFORMACIÓN GENERAL | |
| campo de control de longitud fija | 101117s1983 ag r 000 p spa d |
| 020 ## - NÚMERO INTERNACIONAL ESTÁNDAR DEL LIBRO | |
| Número Internacional Estándar del Libro | 9501800237 |
| 040 ## - FUENTE DE LA CATALOGACIÓN | |
| Centro catalogador/agencia de origen | DO-SdBNP |
| Lengua de catalogación | spa |
| Centro/agencia transcriptor | BNPHU |
| 082 ## - NÚMERO DE LA CLASIFICACIÓN DECIMAL DEWEY | |
| Número de clasificación | 928.73 |
| Número de documento/Ítem | D553L |
| 049 ## - FONDOS LOCALES (OCLC) | |
| Fondos de biblioteca | BNGR |
| 100 1# - ENTRADA PRINCIPAL--NOMBRE DE PERSONA | |
| Nombre de persona | Lilliedahl, Ann |
| 9 (RLIN) | 46714 |
| 240 11 - TÍTULO UNIFORME | |
| Título uniforme | Emely Dickinson in Europe |
| Lenguaje de la obra | español |
| 245 10 - MENCIÓN DE TÍTULO | |
| Título | Emely Dickinson en Europa / |
| Mención de responsabilidad, etc. | Ann Lilliedahl; traducción Zoraida J. Valcarcel. |
| 260 ## - PUBLICACIÓN, DISTRIBUCIÓN, ETC. | |
| Lugar de publicación, distribución, etc. | Buenos Aires : |
| Nombre del editor, distribuidor, etc. | Tres Tiempos, |
| Fecha de publicación, distribución, etc. | 1983. |
| 300 ## - DESCRIPCIÓN FÍSICA | |
| Extensión | 157 p. ; |
| Dimensiones | 19 cm. |
| 490 ## - MENCIÓN DE SERIE | |
| Mención de serie | Ensayos Literario; |
| Designación de volumen o secuencia | 1 |
| 500 ## - NOTA GENERAL | |
| Nota general | Incluye notas y referencia bibliográficas |
| 600 10 - PUNTO DE ACCESO ADICIONAL DE MATERIA--NOMBRE DE PERSONA | |
| Nombre de persona | DICKINSON, EMILY, |
| Fechas asociadas al nombre | 1830-1886 |
| 9 (RLIN) | 10686 |
| 734 ## - | |
| -- | Ensayos Literario; |
| -- | 1 |
| 700 1# - PUNTO DE ACCESO ADICIONAL--NOMBRE DE PERSONA | |
| Nombre de persona | Valcarcel, Zoraida J. |
| 9 (RLIN) | 12587 |
| 834 ## - | |
| -- | Título original : |
| -- | Emely Dickinson in Europe |
| Estado de retiro | Estado de pérdida | Restricciones de uso | No para préstamo | Código de colección | Localización permanente | Ubicación/localización actual | Ubicación en estantería | Fecha de adquisición | Número de inventario | Total de préstamos | Signatura topográfica completa | Código de barras | Fecha visto por última vez | Precio válido a partir de | Tipo de ítem Koha |
|---|---|---|---|---|---|---|---|---|---|---|---|---|---|---|---|
| Excluido de préstamo | Monografías: Libros y Folletos | General | General | En catalogación | 17.11.2010 | LF1 | 928.73 D553L | 22733-10 | 25.06.2020 | 25.06.2020 | No se presta |
